Etické a morálne princípy verzus podnikanie
Etické a morálne princípy v podnikaní. Prienik etických a morálnych princípov do ekonomiky a prezentácia ekonomických a historických súvislostí etiky a podnikania.
Salvato in:
| Autore principale: | |
|---|---|
| Altri autori: | |
| Natura: | Capitolo di libro |
| Lingua: | slovacco |
| Soggetti: | |
| Tags: |
Nessun Tag, puoi essere il primo ad aggiungerne!!
|
MARC
| LEADER | 00000nla a2200000 4500 | ||
|---|---|---|---|
| 001 | 0247166 | ||
| 005 | 20240417075144.4 | ||
| 041 | 0 | |a slo | |
| 044 | |a SK | ||
| 245 | 1 | 0 | |a Etické a morálne princípy verzus podnikanie |c Mária Nagranová, Miroslav Semeš |
| 520 | |a Etické a morálne princípy v podnikaní. Prienik etických a morálnych princípov do ekonomiky a prezentácia ekonomických a historických súvislostí etiky a podnikania. | ||
| 610 | 2 | 0 | |a podnikanie |
| 610 | 2 | 0 | |a etika podnikateľská |
| 610 | 2 | 0 | |a etika hospodárska |
| 610 | 2 | 0 | |a história |
| 610 | 2 | 0 | |a prostredie podnikateľské |
| 100 | 1 | |a Nagranová, Mária | |
| 700 | 1 | |a Semeš, Miroslav | |